| 000 | 00908nam a2200241 a 4500 | ||
|---|---|---|---|
| 001 | 52843 | ||
| 003 | BD-RjUL | ||
| 005 | 20211209075852.0 | ||
| 008 | 160927s1976 bg ||||| |||| 00| p ben d | ||
| 020 | _c: Tk. 12.00 | ||
| 035 | _a(BD-RjUL)52963 | ||
| 040 |
_aBD-RjUL _bben _cBD-RjUL |
||
| 041 | _aben | ||
| 082 |
_223 _a891.441 _bHAB 1976 |
||
| 100 |
_aহক, মো: সিরাজুল _9158015 |
||
| 245 | 1 | 0 |
_aবাংলার মুক্তির সংগ্রাম : _bকাব্যগ্রন্থ / _cমো: সিরাজুল হক |
| 260 |
_aঢাকা : _bশান্তমা, _c১৯৭৬ |
||
| 300 |
_a[৮], ১১৬ পৃ. : _bচিত্র ; _c১৯ সেমি. |
||
| 500 | _a[ মুক্তিযুদ্ধের উপর লিখিত ] | ||
| 650 |
_aবাংলা কবিতা _9158016 |
||
| 650 |
_aBengali Poetry _9158017 |
||
| 942 |
_2ddc _cBK |
||
| 999 |
_c52843 _d52843 |
||